Libros de matemática a medida. tomo 2 /
Guardado en:
| Autor Principal: | |
|---|---|
| Formato: | Libro |
| Publicado: |
Villa Martelli :
Logikamente,
2007
|
| Materias: |
Simela
> pitágoras
> perímetro
> Área de figuras en el plano
> olimpíadasi
> volumen. cuerpos
> sistema sexagesimal
> Ángulos
> teorema de thales
> proporcionalidad numérica
> olimpíadas ii
> triángulos i. pitágoras
> triángulos ii
> cuadriláteros
> polígonos regulares
> expresiones algebraicas básicas
> estadística nivel i
> estadística nivel ii
|
| Etiquetas: |
Agregar Etiqueta
Sin Etiquetas, Sea el primero en etiquetar este registro!
|
| LEADER | 00944nam a22001815a 4500 | ||
|---|---|---|---|
| 001 | CEM.cems017391 | ||
| 005 | 20101204115147.0 | ||
| 008 | 130507s2007##################000#0#####d | ||
| 003 | CEMS | ||
| 020 | |a 9789872198534 | ||
| 082 | 0 | 4 | |a 510 |
| 100 | 1 | |a Pisano, Juan Pablo | |
| 245 | 1 | 0 | |a Libros de matemática a medida. tomo 2 / |c Juan Pablo Pisano |
| 260 | |a Villa Martelli : |b Logikamente, |c 2007 | ||
| 300 | |a 100 p. | ||
| 653 | |a Simela -- pitágoras -- perímetro -- Área de figuras en el plano -- olimpíadasi -- volumen. cuerpos -- sistema sexagesimal -- Ángulos -- teorema de thales -- proporcionalidad numérica -- olimpíadas ii -- triángulos i. pitágoras -- triángulos ii -- cuadriláteros -- polígonos regulares -- expresiones algebraicas básicas -- estadística nivel i -- estadística nivel ii | ||
| 859 | |a CEMS |b BIB. CEMS - Agricultura |h 510 |i P672 |p A0670.07 |t Ej.1 |v 2 |3 2 | ||
| 859 | |a CEMS |b BIB. CEMS - Agricultura |h 510 |i P672 |p A1204.10 |t Ej.2 |v 2 |3 2 | ||
